000 00464nam a2200181Ia 4500
005 20250603145534.0
008 250603s9999 xx 000 0 und d
020 _a97810322044903
050 _aTA 418.76 .P65/
100 _aVishwakarma, Vinita
245 0 _aPolymetallic coatings to control biofouling in pipelines
260 _aBoca Raton
260 _bCRC Press
260 _c2022
300 _axviii, 118p.: ill.
650 _aBoca Raton
942 _cBK
999 _c42152
_d42152